| 000 | 00837nam a2200253 a 4500 | ||
|---|---|---|---|
| 005 | 20160825164603.0 | ||
| 008 | 140226b1988 ck |||||rm||| 00| 0 spa d | ||
| 040 |
_aCO-BoIAVH _cCO-BoIAVH |
||
| 041 | _aspa | ||
| 044 | _ack | ||
| 090 |
_aTE _b0034 |
||
| 100 | _aLamprea Quiroga, Pedro S. | ||
| 245 | _aEficiencia de los tratamientos pregerminativos sujetos a diferentes periodos de almacenamiento en semillas de cinco especies forestales | ||
| 260 |
_aBogotá _bUniversidad Distrital Francisco José de Caldas _c1988 |
||
| 300 | _a129 p. | ||
| 650 | _aGerminación | ||
| 650 | _aAlmacenamiento | ||
| 650 | _aSemillas | ||
| 650 | _aEspecies forestales | ||
| 650 | _aMétodos de laboratorio | ||
| 662 | _aColombia | ||
| 700 | _aVillamizar Carvajal, Jesus A. | ||
| 942 |
_cTESIS _2z |
||
| 999 |
_c1285 _d1285 |
||